|
|
|
|
| LEADER |
00000nam a22000007a 4500 |
| 005 |
2016092705245.0 |
| 007 |
cr|||| ||u| |
| 008 |
160927t2015 sp |||||o|||| 001 0 spa d |
| 020 |
|
|
|a 978-84-9085-550-8
|
| 035 |
|
|
|a 14347
|
| 040 |
|
|
|a vLex
|
| 090 |
|
|
|c 6238
|d 6238
|
| 100 |
1 |
|
|a Gonzl̀ez de la Garza, Luis Miguel
|
| 245 |
1 |
|
|a Redes sociales, instrumentos de participacin̤ democrt̀ica
|h [Recurso electrn̤ico]:
|b Anl̀isis de las tecnologa̕s implicadas y nuevas tendencias /
|c Luis Miguel Gonzl̀ez de la Garza.
|
| 256 |
|
|
|a Servicio en ln̕ea
|
| 260 |
|
|
|a Madrid:
|b Dykinson,
|c 2015
|
| 300 |
|
|
|a 1 Recurso en ln̕ea
|
| 506 |
1 |
|
|a Disponible solo en los productos indicados.
|d vLex Global
|d vLex Global (Academic Edition, excluding Law Schools)
|d vLex Global (U.S. Academic Edition, Law Schools)
|d vLex Global (U.S. Academic Edition, excluding Law Schools)
|d vLex Global (Academic Edition, Law Schools)
|
| 650 |
0 |
4 |
|a Derecho constitucional
|z Espaą
|
| 650 |
0 |
4 |
|a Redes sociales
|
| 740 |
0 |
|
|a vLex libros (servicios en ln̕ea)
|
| 856 |
4 |
0 |
|z Acceso restringido
|u http://vlex.com/source/redes-sociales-instrumentos-de-participacion-democratica-analisis-de-las-tecnologias-implicadas-y-nuevas-tendencias-14347
|
| 942 |
|
|
|c BOOK
|
| 999 |
0 |
|
|a Costitutional Law
|
| 999 |
0 |
|
|a Social network
|